Statistics for Gaming Brands Quiz

Click here to take the quiz!

General Stats

  • This quiz has been taken 847 times
    (827 since last reset)
  • The average score is 16 of 21

Answer Stats

Answer% Correct
Nintendo
98%
PlayStation
98%
Minecraft
96%
XBOX
96%
Candy Crush
94%
Zelda
89%
Roblox
85%
Rocket League
85%
Clash of Clans
82%
Sega
82%
Doom
78%
Overwatch
77%
Donkey Kong
74%
Mortal Kombat
71%
Atari
67%
Skyrim
67%
Fortnite
60%
Nintendo 64
54%
Gears of War
49%
Half-Life
48%
Ms. Pac Man
38%

Score Distribution

Percentile by Number Answered

Percent of People with Each Score

Your Score History

You have not taken this quiz since the last reset